Beatles Lyrics Quiz (Part 007) - Statistics

General Stats
  • This quiz has been taken 153 times
  • The average score is 132 of 205
Answer Stats
Answer % Correct
a
90%
he
87%
the
87%
hear
80%
she
80%
when
80%
and
78%
in
77%
it
77%
do
76%
her
74%
is
74%
Who
73%
no
70%
No
70%
where
69%
Where
69%
they
68%
What
68%
all
65%
All
65%
at
64%
by
64%
that
64%
come
63%
him
63%
one
63%
people
63%
people)
63%
look
62%
Look
62%
there
62%
lonely
61%
for?
60%
of
60%
will
60%
from?
59%
from
59%
was
59%
Eleanor
58%
with
58%
been
57%
Father
57%
has
57%
Rigby
57%
up
57%
Ah,
55%
(ah,
55%
belong?
55%
church
55%
does
55%
his
55%
comes
54%
McKenzie
54%
wedding
54%
dream
53%
door
52%
near
52%
nobody
52%
Nobody
52%
rice
52%
as
51%
buried
51%
Picks
51%
sermon
51%
window
51%
working
51%
came
50%
care?
50%
Died
50%
Lives
50%
name
50%
there's
49%
words
49%
along
48%
grave
48%
Writing
48%
jar
46%
keeps
46%
saved
46%
face
45%
hands
43%
dirt
42%
night
42%
socks
42%
walks
40%
Wearing
40%
Waits
39%
Wiping
36%
Darning
34%
No matching quizzes found
Score Distribution
Percent of People with Each Score
Percentile by Number Answered
Your Score History
You have not taken this quiz